00282nam a2200121Ia 4500008004100000100001300041245002700054260002600081300000800107650002100115942000700136999001700143190216s9999||||xx |||||||||||||| ||und|| aSanu M K 0aAsthamikkatha Velicham bPoorna Pubs Kozhikode a152 aJeeva Charithram cBK c25794d25794